| 000 | 02451nam a2200541 a 4500 | ||
|---|---|---|---|
| 001 | 991051393239706706 | ||
| 003 | ES-BaIT | ||
| 005 | 20260119130229.0 | ||
| 008 | 851003s1793 sp |||||| 000 d|spa|c | ||
| 026 | _ea?a! d,to N.s. DeDe 3 1793 A | ||
| 035 | _a(ES-BaCBU).b38243799 | ||
| 040 |
_aES-BaCBU _bcat _cES-BaCBU |
||
| 080 | _a820-2"17" | ||
| 080 | _a860-2"16/17" | ||
| 245 | 0 | 0 | _aEntremes La requisitoria del borrico |
| 246 | 3 | 2 | _aRequisitoria del borrico |
| 260 |
_a[Madrid] : _bse hallara en la libreria de Quiroga, con otros vários, comedias antiguas, y nuevas ; autos, sainetes, entremeses y tonadillas, _caño 1793 |
||
| 300 |
_a16 p. ; _c8º (16 cm) |
||
| 500 | _aSense sign. | ||
| 500 | _a27/8 lín. i reclams | ||
| 500 | _aP6: D1, H5 | ||
| 501 | _aAmb: "Lista de los entremeses que se hallan en Madrid en la Librería de Quiroga, calle de la Concepcion" | ||
| 510 | 3 | _aRef.: Palau 285.054 (notes) | |
| 533 | _aReproducció digital disponible a Biblioescènic | ||
| 593 | 0 | 0 | _choland. azul (Entremeses IX) |
| 593 | 0 | 0 | _choland. azul (Entremeses VIII) |
| 593 | 0 | 0 | _choland. granate. Procedència: Col·lecció Joaquín Montaner |
| 593 | 0 | 0 | _choland. granate. Procedència: Col·lecció Joaquín Montaner |
| 650 | 7 |
_aEntremesos _yS. XVIII _2lemac _9162695 |
|
| 700 | 0 |
_aQuiroga _eimpressor _9137527 |
|
| 730 | 0 |
_aCol·lecció digital Biblioescènic del MAE _969172 |
|
| 740 | 3 | _aLa Requisitoria del borrico | |
| 752 |
_aEspanya _dMadrid |
||
| 856 | 4 | 1 |
_zAccés lliure (Biblioescènic) _3Exemplar VIT-80/26 _uhttps://books.cdmae.cat/visorpdf/?recurs=SV0080-26 |
| 856 | 4 | 1 |
_zAccés lliure (Biblioescènic) _3Exemplar VIT-81/22 _uhttps://books.cdmae.cat/visorpdf/?recurs=SV0081-22 |
| 856 | 4 | 1 |
_zAccés lliure _uhttp://www.bibgirona.cat/pandora/details.vm?lang=ca&view=Ripoll&q=id:0000001144 |
| 856 | 4 | 2 |
_3Fitxa del catàleg manual _uhttp://www.cdmae.cat/sedo/imgtitulos/060/P0001005.gif |
| 856 | 4 | 2 |
_3Fitxa del catàleg manual _uhttp://www.cdmae.cat/sedo/imgtitulos/060/P0001002.gif |
| 856 | 4 | 2 |
_3Fitxa del catàleg manual _uhttp://www.cdmae.cat/sedo/imgtitulos/060/P0001003.gif |
| 856 | 4 | 2 |
_3Fitxa del catàleg manual _uhttp://www.cdmae.cat/sedo/imgtitulos/060/P0001004.gif |
| 902 | _aPatrimoni | ||
| 902 | _aFons antic | ||
| 908 |
_aAFP _aAHCB _aBC _aCDMAE |
||
| 910 | 0 | _aQuiroga, | |
| 940 | _aAFP | ||
| 942 |
_2udc _cDIGITAL |
||
| 999 |
_c136891 _d136891 |
||